000
00335nam a22001457a 4500
999
_c
12202
_d
12202
020
_a
978-0-19-871986-1
082
_a
657
100
_a
Peter Scott
245
_a
Accounting for Business
250
_a
Second Edition
260
_a
New York
_b
Oxford University Press
_c
2016
300
_a
537
650
_a
Accounting
942
_c
BK